[Event "Munich SKA"]
[Site "Munich"]
[Date "1993.??.??"]
[Round "9"]
[White "Shirov, Alexei"]
[Black "Huebner, Robert"]
[Result "1-0"]
[WhiteElo "2670"]
[BlackElo "2620"]
[Annotator "Shirov,A"]
[PlyCount "101"]
[EventDate "1993.05.??"]
[EventType "tourn"]
[EventRounds "11"]
[EventCountry "GER"]
[EventCategory "16"]
[SourceTitle "CBM 036"]
[Source "ChessBase"]
[SourceDate "1993.10.01"]
[SourceVersion "1"]
[SourceVersionDate "1993.10.01"]
[SourceQuality "1"]

1. e4 e6 2. d4 d5 3. Nc3 dxe4 4. Nxe4 Bd7 5. Nf3 Bc6 6. Bd3 Nd7 7. O-O Ngf6 8.
Ng3 Be7 9. b3 O-O 10. Bb2 Bxf3 (10... a5 11. c4 a4 12. Ne5 $14) 11. Qxf3 c6 12.
c4 Re8 13. Rfe1 (13. Rad1) 13... Nf8 (13... Qc7 14. Rac1 $5 {/\ d5}) 14. h4 $5
(14. Rad1 Ng6 15. Ne4) 14... Qc7 15. Rac1 Ng6 $5 (15... Rad8 16. d5 cxd5 17.
cxd5 Qd7 18. d6 $1 Qxd6 (18... Bxd6 19. Bxf6 gxf6 20. Nh5 Be5 (20... Be7 21.
Red1 $18) 21. Rxe5 $18) 19. Bb5 N8d7 20. Red1 (20. Qxb7 $14) 20... Qb6 (20...
Nd5 $2 21. Nf5 $1) 21. Bxf6 Qxb5 22. Bxe7 Rxe7 23. Rc7 $1 $16) 16. h5 (16. Bxg6
hxg6 17. d5 exd5 18. cxd5 Rac8 $14) 16... Nh4 17. Qe3 Bd6 $1 (17... h6 $2 18.
d5 $1 exd5 19. Bxf6 gxf6 20. cxd5 $18) 18. Ne4 Bf4 (18... Bh2+ 19. Kh1 (19. Kf1
Bf4 20. Nxf6+ gxf6 21. Qh3 Bxc1 22. Rxc1 (22. Bxc1 Nf5) 22... Qf4) 19... Bf4
20. Nxf6+ gxf6 21. Qe4 f5 22. Qe2 Bxc1 23. Bxc1 $1 (23. Rxc1 Qf4 24. g3 $2 Qf3+
) 23... Rad8 24. Bg5 Rxd4 25. g3 $16) 19. Nxf6+ gxf6 20. Qe4 f5 21. Qe2 Bxc1
22. Rxc1 (22. Bxc1 Rad8 $1 23. Bg5 Rxd4 24. g3 Red8 $1 25. Bb1 Rd2 26. Qe3 $1 (
26. Bxd2 $2 Rxd2 27. Qe3 f4 $1 $13) 26... f4 $1 27. Bxf4 Qa5 $1 28. gxh4 Rd1
29. Kf1 Rxe1+ 30. Qxe1 Qxh5 31. Bc2 Qxh4 32. Qe4 $16) 22... f6 $1 (22... Qf4
23. g3 Qg5 24. Kf1) 23. g3 (23. Qe3 Qg7) 23... Kf7 $1 24. gxh4 Qf4 25. Re1 Rg8+
$1 (25... Qxh4 $2 26. Qf3 $16) 26. Kf1 Rae8 27. Qe3 Qxh4 28. Ke2 $1 (28. Qf3 $6
Rg4 $40) 28... Qxh5+ 29. Kd2 Rg2 $1 30. Re2 Qg5 31. f4 Rxe2+ (31... Qg3 $5 32.
Qxg3 Rxg3 33. Rh2 Kg6 $13) 32. Bxe2 Qg2 33. Qf3 Qxf3 (33... Rg8 34. Qh5+ Qg6 (
34... Kg7 35. Qh4 $1 $40) 35. Qh3 $1 $16) 34. Bxf3 $14 Kg6 $6 (34... Ke7 35.
Ke3 Kd6 $14) 35. Ke3 Rd8 $6 (35... h5 36. Kf2 Rg8 37. Kg3 Kh6+ 38. Kh4 $16 {
/\ d5}) 36. Bc3 Kf7 37. a4 Ke7 38. a5 $16 Kd7 $6 (38... a6 39. b4 $1 {/\ b5}) (
38... Kd6 $5 39. d5 e5 $16) 39. d5 $1 exd5 40. cxd5 cxd5 (40... Rf8 41. dxc6+
bxc6 42. Kd4 Rb8 43. Kc4 $18) 41. Bxf6 Rf8 42. Bh4 $1 $18 Kc6 43. Kd4 Kb5 44.
Bxd5 Kxa5 45. Bxb7 Rb8 46. Bd5 h5 47. Be6 Ka6 48. Bc4+ Kb6 49. Ke5 a5 50. Kxf5
Kc5 51. Ke5 1-0

[Event "Gran Canaria op"]
[Site "Las Palmas"]
[Date "1997.??.??"]
[Round "?"]
[White "Smirin, Ilia"]
[Black "Ribeiro, Fernando"]
[Result "1-0"]
[WhiteElo "2600"]
[BlackElo "2340"]
[Annotator "Smirin,I"]
[PlyCount "31"]
[EventDate "1997.??.??"]
[EventType "swiss"]
[EventRounds "9"]
[EventCountry "ESP"]
[SourceTitle "EXT 1999"]
[Source "ChessBase"]
[SourceDate "1998.11.16"]
[SourceVersion "1"]
[SourceVersionDate "1998.11.16"]
[SourceQuality "1"]

1. e4 e6 2. d4 d5 3. Nd2 dxe4 4. Nxe4 Bd7 5. Nf3 Bc6 6. Bd3 Nd7 7. O-O Ngf6 8.
Ned2 $5 Be7 9. Re1 (9. Nc4) 9... O-O 10. Nc4 $146 (10. c4) 10... b6 (10... Bxf3
$142 11. Qxf3 c5 12. dxc5 Nxc5 13. Bf1 $14) 11. Nce5 Bb7 12. Qe2 c5 13. Ng5 $1
cxd4 $2 (13... Qe8 $8 14. c3 h6 15. Ngf3 $14 {|^}) 14. Nexf7 $1 Qe8 (14... Rxf7
15. Qxe6 $1 (15. Nxf7 $2 Kxf7 16. Qxe6+ Kf8 17. Bc4 Qe8 {/\ Nc5}) 15... Qe8 (
15... Bd5 16. Nxf7 Bxe6 17. Nxd8) 16. Nxf7 Qxf7 17. Qxe7 Re8 18. Qb4 $18) 15.
Qxe6 Bb4 $2 (15... Rxf7 $18 {- 14...Rf7}) 16. Bxh7+ $1 $18 1-0

[Event "Pamplona 9697 7th"]
[Site "Pamplona"]
[Date "1996.??.??"]
[Round "9"]
[White "Ponomariov, Ruslan"]
[Black "Speelman, Jonathan S"]
[Result "1/2-1/2"]
[WhiteElo "2550"]
[BlackElo "2625"]
[Annotator "Speelman,J"]
[PlyCount "45"]
[EventDate "1996.12.??"]
[EventType "tourn"]
[EventRounds "9"]
[EventCountry "ESP"]
[EventCategory "13"]
[SourceTitle "CBM 057"]
[Source "ChessBase"]
[SourceDate "1997.04.01"]
[SourceVersion "1"]
[SourceVersionDate "1997.04.01"]
[SourceQuality "1"]

1. e4 {Fritz} e6 2. d4 d5 3. Nd2 dxe4 4. Nxe4 Nd7 5. Nf3 Ngf6 6. Nxf6+ Nxf6 7.
Bd3 c5 8. dxc5 Bxc5 9. Qe2 O-O (9... Qc7 10. Bd2 (10. O-O O-O 11. Bg5 b6 12.
Ne5 Bb7 13. Bxf6 gxf6 14. Bxh7+ Kxh7 15. Qh5+ {1/2-1/2 Ivanchuk,V-Karpov,A/Las
Palmas (06) 1996}) 10... O-O 11. O-O-O b6 12. Ne5 Bb7 13. f4 Nd5 14. Kb1 f6 15.
Nf3 Nxf4 16. Bxf4 Qxf4 17. Qxe6+ Kh8 18. Rhf1 {1/2-1/2 Topalov,V-Nogueiras,J/
Erevan ol (07) 1996}) 10. Bg5 h6 11. h4 Qa5+ (11... hxg5 12. hxg5 g6 13. O-O-O
Nd7 14. Bxg6 Be7 15. Bxf7+ Rxf7 16. g6 Rf6 17. Ne5 Rf5 18. f4 Bf6 19. g4 Rxe5
20. fxe5 Bg7 21. Rh5 Qe8 22. Qe4 Nf8 23. Rf1 Nxg6 24. Rf6 Nf8 25. Rxf8+ Kxf8
26. Qh7 Bd7 27. Rh6 Qf7 {0-1 Bellia,F-Kacheishvili,G/Ubeda op ;EXP 51 1996})
12. Bd2 Qb6 $1 (12... Qa4 13. Ne5 Qd4 14. c3 Qd5 15. O-O-O $1 Qxa2 16. g4 Qa1+
17. Kc2 Qa4+ 18. Kb1 Bd6 19. Nc4 Ne8 20. g5 b5 21. Nxd6 Nxd6 22. gxh6 Nc4 23.
hxg7 Rd8 24. Qh5 Na3+ 25. Kc1 {1-0 Rublevsky,S-Zakharevich,I/St.Petersburg
Petrov (01) ;CBM 52 1996}) (12... Bb4 13. O-O-O Bxd2+ 14. Nxd2 e5 15. a3 Be6
16. Nc4 Bxc4 17. Bxc4 Rac8 18. Bb3 e4 19. g4 Rfd8 20. f4 Qc7 21. Rxd8+ Rxd8 22.
Rf1 Nd7 23. g5 Nc5 24. Ba2 Rd6 25. Kb1 Qd7 26. Rc1 b6 27. f5 hxg5 28. hxg5 Qxf5
29. Qh2 Qd7 30. Qh5 g6 31. Qh6 Ne6 32. Qh4 Rd1 33. Qxe4 Qd2 34. Bxe6 Rxc1+ 35.
Ka2 Qxg5 36. Qa8+ Kg7 37. Qxa7 Qf6 38. Bb3 Qf1 39. Bd5 Ra1+ 40. Kb3 Qb5+ {
0-1 Hector,J-Hansen,Lars Bo/Copenhagen Open Copenhagen DEN (10) 1995}) 13. O-O
(13. O-O-O Ng4 $1 14. Bh7+ (14. Ng5 Nxf2 15. Bh7+ Kh8) (14. Ne5 Nxe5 15. Qxe5
Bd4 16. Qb5 Bxf2 (16... Qxb5 $2 17. Bxb5 Bxf2 18. Bb4) 17. Bb4 Rd8 18. Ba5 Qxb5
19. Bxb5 Rxd1+ 20. Rxd1 Bxh4 21. Bd8 Bd7 $17) 14... Kxh7 15. Ng5+ Kg8 16. Qxg4
f5) 13... e5 $5 (13... Qxb2 $5) 14. Nxe5 (14. b4 Bd6 (14... Bxb4 15. Rab1 a5
16. a3 e4 17. Bxe4 Qe6 (17... Re8 18. axb4 (18. Bh7+ Kxh7 19. Qd3+ Ne4 20. axb4
Qg6) 18... Rxe4 19. Be3 axb4) 18. axb4 Nxe4 19. bxa5 Nxd2 20. Qxd2 $10 {eg} Qf5
21. Ra1 Ra6) 15. c4 e4 16. Bxe4 Re8 17. c5 Bxc5 18. bxc5 Qc7) 14... Re8 15. Nc4
$1 (15. Bc4 Be6 (15... Bg4 $2 16. Bxf7+ Kf8 17. Bc4 $3 Bxe2 (17... g5 18. Qxg4
Nxg4 19. Nd7+) 18. Ng6#) 16. Bc3 Bd4 17. Rae1 (17. Bxd4 Qxd4 18. Rfe1 Qxh4)
17... Bxc3 18. bxc3) 15... Qd8 (15... Rxe2 16. Nxb6 Rxf2 (16... Rxd2 17. Nxa8
Ng4 18. Rae1 $1) 17. Rxf2 axb6 18. Kf1 Bxf2 19. Kxf2 $16) 16. Qf3 Bg4 (16...
Ng4 17. g3 $1 $8 Bd7 $36 18. Bc3 (18. b4 b5 19. bxc5 bxc4 20. Be4 $16) 18... b5
19. Bf5 Nxf2) (16... b5 $6 17. Qxa8 bxc4 18. Qc6 cxd3 19. Qxc5 Ne4 20. Qe3 Nc3
21. Qxe8+ Qxe8 22. Bxc3 dxc2) 17. Qxb7 $5 (17. Qg3 b5 18. Ne5 (18. Ne3 Bd6 19.
f4 Bc5 20. Kh1 Bxe3 21. Bxe3 h5) 18... Be2 {was my intention but after} 19.
Bxe2 Qxd2 {so as to play ...Ne4 next but this is trivially prevented by either}
20. Bd3 {or} (20. Bf3)) 17... Rb8 18. Qa6 Ne4 (18... Be2 $5 19. Bxe2 Rxe2 20.
Be3 (20. Bf4 $2 Ng4 21. Ne3 $2 (21. Bg3 Nxf2 22. Bxf2 Rxf2 (22... Bxf2+ 23.
Rxf2 Qd4 24. Raf1 Rxf2 25. Rxf2 Re8 26. Nd2 $18) 23. Rxf2 Bxf2+ 24. Kxf2 Qxh4+)
21... Rxe3 22. Rad1 Qxh4 23. Bxb8 Re8 $19) 20... Ng4 $1 21. Bxc5 Qxh4 22. Qd6 {
I stopped here but after} Rc8 $1 {Black can fight hard though it turns out
that White should win:} 23. b4 $1 (23. Rae1 Rxc2 (23... Re5 $1 24. Qxe5 Nxe5
25. Nxe5 Rxc5) (23... Rxc5 $2 24. Rxe2 Rh5 25. Re8+ Kh7 26. Qd3+ g6 27. Qh3 {
with the rook on f1, f2 is defended}) 24. Re4 Rxc5 25. Ne3 $2 (25. Rxg4 Qxg4
26. Qxc5 Qxc4 $10) 25... Rh5) (23. Ne3 $2 Nxf2) (23. Rfe1 Rxc2 $2 (23... Rxc5
$1 24. Rxe2 Rh5 $19 25. Re8+ Kh7)) 23... Rxc5 (23... Rxc2 24. f3 $1 (24. Rac1
$2 Rxc5 $1 (24... Rxc1 $2 25. Rxc1 Rxc5 26. Qxc5 Qh2+ 27. Kf1 Qh1+ 28. Ke2 Qxc1
29. Qc8+) 25. bxc5 Rxc1 26. Rxc1 Qxf2+ 27. Kh1 Qh4+ 28. Kg1 Qf2+ $10) 24...
Rxc5 25. bxc5 Nf2 26. Nd2 $3 Nh3+ 27. gxh3 Qg5+ 28. Kh1 Rxd2 29. Rg1 $18) (
23... Re5 24. Qxe5 Nxe5 25. Nxe5 $18) (23... a5 24. Qg3 Qxg3 25. fxg3 axb4 26.
Rf4) 24. bxc5 Nxf2 25. Qh2 Qxc4 (25... Qd4 $2 26. c3 Qxc5 (26... Qxc4 27. Qb8+
Kh7 28. Rxf2 Rxf2 29. Kxf2 Qxc5+ 30. Ke2) 27. Qd6 Nh3+ 28. Kh2 Qh5 29. Qd8+ Kh7
30. Qd3+ Kg8 31. Qxh3) 26. Rae1 $3 (26. Rxf2 Rxf2 27. Qb8+ Kh7 28. Kxf2 Qxc5+
$1 29. Kg3 Qc3+ 30. Kh2 Qxa1 31. Qxa7 Qe5+ $10) 26... Rxe1 (26... Ng4 27. Qb8+
Kh7 28. Rxe2 Qxe2 29. Qf4 h5 $18) 27. Rxe1 Ne4 $5 (27... Qxc5 28. Qe5 Qb6 29.
Qe3) (27... Ng4 28. Qd6 Qxc2 (28... f5 29. Qe6+) (28... g5 29. c6 Qc3 (29...
Kg7 30. c7 Qc3 31. Rf1) 30. Re8+ Kg7 31. Qf8+ Kg6 32. Qg8+ Kh5 33. Qxf7+ Kh4
34. Re4 $1 Qxc6 35. Qb3 $1 {Fritz}) 29. Qb8+ Kh7 30. Qb1 $1 $18) 28. Qb8+ $1 (
28. Qe5 Nxc5 $10 (28... Nf6)) 28... Kh7 29. Qb3 $1 Qxc5+ 30. Qe3 $18) (18...
Nd5 19. Qa5) (18... Nd7) (18... Bc8 19. Qa5 Qd4 20. Bc3 Qxh4 21. Bxf6) 19. Be3
(19. Qa5 Nxd2 (19... Qxh4 20. Bxe4 Rxe4 21. Qxc5 Be2 22. Ne3) (19... Nxf2 20.
Qxc5 $1) 20. Qxd8 Rexd8 21. Nxd2 Be2 22. Bxe2 Rxd2 23. Bd3 Rxb2 24. g3) 19...
Bf3 $1 (19... Qxh4 20. Bxe4 Rxe4 (20... Bc8 $1 {Fritz} 21. Qc6 Rxe4 22. Bxc5
Rxc4) 21. Bxc5 Bf3 22. Qd6 Rc8 23. Ne3) (19... Bf8 20. Qxa7) 20. gxf3 (20. Bxe4
Rxe4 21. Bxc5 Bxg2 22. Kxg2 Qd5 $1 {Fritz} (22... Rg4+ 23. Kf3 Qd5+ (23... h5
24. Ne3) 24. Kxg4 Qg2+ 25. Kf4 Re8 26. Ne5 Qh2+ 27. Kf3 $18) 23. Kg3 (23. f3
Rg4+ (23... Rxc4 24. b4) 24. Kh3 Rxc4 25. b4 Rxc2 (25... Qf5+ 26. Kg2 Rxh4 27.
Rh1 Qg5+ 28. Kf2) (25... Rxh4+ 26. Kxh4 Qg5+ {the queen goes back to e2}) (
25... Rb6 $1 26. Bxb6 (26. Qxc4 Qxc4 27. Bxb6 axb6) 26... Qf5+ 27. Kg2 Qg6+ 28.
Kf2 Qxc2+ 29. Kg3 Qg6+ $10 30. Kh3 Qf5+ {and not now} 31. Kh2 $4 Rxh4+ 32. Kg3
Qg5+ 33. Kf2 Rh2+ 34. Ke1 Qd2#) 26. Qd6 Qf5+ 27. Kg3) 23... Rxc4 24. Bxa7 Rbb4
$36) (20. Bxc5 $1 Nxc5 (20... Qxh4 21. Bxe4 Rxe4 (21... Bxe4 22. Ne3 Re5 23. f3
) 22. Qd6 (22. Ne3 Re5) 22... Rd8 (22... Rg4 23. Qxb8+ Kh7 24. Ne3) (22... Bxg2
23. Qxb8+ Kh7 24. Kxg2 (24. Qh2 Bf3 25. Ne3 Rg4+ 26. Nxg4 Qxg4+ 27. Qg3 Qh5 28.
Qxf3 Qxf3)) 23. Qh2 (23. Qg3 Rg4 (23... Qxg3 24. fxg3 Rxc4 25. Bxa7) 24. Qxf3
$1) 23... Qxh2+ 24. Kxh2 Rxc4 25. Be7 Rd7 26. Rfe1) 21. Qd6 Nxd3 22. Qxd8 Rexd8
23. cxd3 (23. gxf3 Nxb2) 23... Be2 24. Rfc1 Bxd3 $16) 20... Qxh4 21. Bxe4 (21.
Kg2 Bxe3 $1 (21... Rb6 22. Rh1 $1 (22. Nxb6 $5 Bxe3 23. Qb5 $1)) (21... Re6 22.
Rh1) 22. Nxe3 Qg5+ (22... Rb6 23. Qxb6 Qg5+ 24. Kh2 $16 Qh4+ 25. Kg1 Ng3 26.
Kg2 Nh5 27. Qd6 Nf4+ 28. Qxf4 Qxf4) 23. Ng4 Nf6 (23... h5 24. Bxe4 Rxe4 (24...
hxg4 25. f4) 25. Qd6 Reb4 26. b3 R8b6 (26... hxg4 27. f4 Qf5 (27... Qxf4 28.
Qxf4 Rxf4 29. c4 $16) 28. c4 Qe4+ 29. Kg1 R4b6 30. Rfe1 Qf3 31. Qd5 Rh6) 27.
Qd7 Rf4 28. Rh1 Re6) 24. Kh3 Nxg4 (24... Rb4 25. Qc6 $1 (25. Nxf6+ gxf6 $1 26.
Be4 Rbxe4 (26... Qh5+ $10) 27. fxe4 Rxe4 28. Qc8+ Kg7 29. Kh2 Rh4+ 30. Qh3) (
25. Rfe1 Qh5+ 26. Kg2 Rxg4+ $10) 25... Rxg4 (25... h5 $2 26. Nxf6+ gxf6 27.
Qxe8+ Kg7 28. Be4) 26. fxg4 (26. Qxe8+) 26... Qxg4+ 27. Kh2 Re5 28. Qa8+ Ne8
29. Qg2 Qf4+ 30. Qg3 Rh5+ 31. Kg2 Rg5 32. Rae1 Nf6 $14) (24... Nd5 25. Rae1)
25. fxg4 Rb4 26. Rg1 $1 (26. f3 Rxg4 $1 $19) (26. c4 Re3+ $1) 26... h5 27. Qc6
$16) 21... Rxe4 $10 22. fxe4 Qg4+ 23. Kh2 (23. Kh2 Rb6 24. Nxb6 $10) 1/2-1/2

[Event "Tata Steel-A 76th"]
[Site "Wijk aan Zee"]
[Date "2014.01.21"]
[Round "8"]
[White "Caruana, Fabiano"]
[Black "Rapport, Richard"]
[Result "1-0"]
[WhiteElo "2782"]
[BlackElo "2691"]
[Annotator "Sumets,A"]
[PlyCount "63"]
[EventDate "2014.01.11"]
[EventType "tourn"]
[EventRounds "11"]
[EventCountry "NED"]
[EventCategory "20"]
[SourceTitle "CBM 159"]
[Source "ChessBase"]
[SourceDate "2014.03.17"]
[SourceVersion "1"]
[SourceVersionDate "2014.03.17"]
[SourceQuality "1"]

1. e4 e6 2. d4 d5 3. Nc3 dxe4 4. Nxe4 Nf6 $6 {Sometimes you can play such
lines but probably you shouldn't play them twice.} 5. Nxf6+ gxf6 ({Another
attempt to search your own way is} 5... Qxf6 6. Nf3 h6 7. Be3 (7. Bd3 c5 8. Be3
Nc6 9. O-O a6 10. dxc5 Qxb2 11. Nd2 Be7 12. Rb1 $16 {1-0 (51) Gharamian,T 
(2614)-Shirazi,K (2433) France 2009 1-0 (51)}) 7... Nd7 8. Qd2 Bd6 9. Bd3 b6
10. Be4 Rb8 11. O-O O-O 12. c4 Rd8 13. Rad1 c5 14. Qc2 Qe7 15. dxc5 Nxc5 16.
Bh7+ Kh8 17. b4 Na6 18. c5 (18. a3 f5 19. Bg6 Bb7 20. Qe2 Qf6 21. Bh5 e5 $15)
18... bxc5 19. bxc5 Bc7 20. Rxd8+ Qxd8 21. Rd1 Qe7 $11 {Cornette,M (2578)
-Feller,S (2576) Nimes 2009 0-1 (30)}) 6. Nf3 Nc6 {This move is not a novelty,
but it has never been played by GMs.} (6... b6 7. Bb5+ c6 8. Bc4 Bb7 9. Bf4 Bd6
10. Bg3 Qe7 11. O-O Nd7 12. Re1 (12. Qe2 O-O-O 13. Ba6 h5 14. a4 $16) 12...
O-O-O 13. a4 a5 14. c3 Nf8 15. Qb3 Bc7 16. Bf1 h5 17. Nh4 Rg8 18. Nf5 Qd7 19.
Ne3 Kb8 20. Rad1 $6 (20. Nc4 $5 Ka7 21. Qa3 $16) 20... f5 21. Nc4 Ka7 $13 {
Ivanov,A (2587)-Nakamura,H (2640) Philadelphia 2006 0-1 (29)}) 7. Bf4 {The
most popular reply, however is it the strongest move? Let's see other options}
(7. g3 e5 8. Bg2 Bg4 9. h3 Bh5 10. g4 Bg6 11. c3 Qd7 12. Be3 h5 13. dxe5 Qxd1+
14. Rxd1 fxe5 15. Nh4 $14 {Kasparov,G (2849)-Gazet Van Antwerpen sim ACE
Deurne 2000 1-0 (25)}) (7. Be3 Ne7 8. Bd3 Bd7 9. c4 Bc6 10. O-O Bg7 11. Re1 O-O
12. d5 $1 exd5 13. Bc5 (13. Qc2 $1 h6 14. Rad1 Re8 15. Bc5 $16) 13... Re8 14.
Bxe7 Rxe7 15. Rxe7 Qxe7 16. cxd5 Bxd5 17. Bxh7+ Kxh7 18. Qxd5 $14 {Delgado
Ramirez,N (2594)-Dolezal,C (2392) Asuncion 2011 1-0 (26)}) (7. c3 {My Houdini
votes for this move} Qd5 8. Qb3 Qe4+ 9. Be3 b6 10. Nd2 Qf5 11. Qc4 (11. Bb5 $5
Bd7 12. Qc4 Qd5 13. Qxd5 exd5 14. Bf4 $14) 11... Qd5 12. Qxd5 exd5 13. Bf4 Kd8
14. Bd3 Be6 15. O-O-O $14 {Antoniewski,R (2559)-Gerasimenyk,M (2225) Warsaw
2011 1-0 (29)}) 7... e5 $5 $146 8. Be3 (8. dxe5 $6 Qe7 $1 9. Nd4 (9. Qe2 $2
Qb4+ 10. Bd2 Qxb2 11. exf6+ Be6 $17) 9... Bd7 10. Nxc6 Bxc6 11. Qd4 Bg7 12. Be3
fxe5 13. Qg4 O-O 14. O-O-O f5 $11) 8... Bg4 $5 {Richard Rapport considers 9.d5
as not dangerous.} (8... Be6 9. Bb5 Qd6 (9... Qd5 $6 10. c4 Qe4 11. d5 O-O-O
12. Qe2 Nb4 13. dxe6 Nc2+ 14. Kf1 Nxa1 15. Bd7+ Rxd7 (15... Kb8 $4 16. Bxa7+
$18) 16. exd7+ Kd8 (16... Kxd7 17. Qd1+ Bd6 18. Qxa1 Qxc4+ 19. Kg1 $16) 17. Ne1
Rg8 18. b3 $16) 10. c4 a6 (10... exd4 $5 11. Nxd4 Bxc4 $1 12. Bxc4 Qb4+ 13. Qd2
Nxd4 $1 (13... Qxc4 $6 14. Rc1 Qa6 15. Nxc6 bxc6 16. Qe2 Bb4+ 17. Kf1 Qxe2+ 18.
Kxe2 $16) 14. O-O Qxd2 15. Bxd2 $44 {White has enough compensation for the
pawn, but nothing more}) 11. Bxc6+ bxc6 12. b3 $14) 9. Bb5 ({Let's check} 9. d5
Ne7 10. h3 Bd7 $1 (10... Bxf3 11. Qxf3 Qxd5 (11... Nxd5 $2 12. O-O-O c6 13. c4
$18) 12. Qxf6 Rg8 13. Rd1 Qe4 14. Bb5+ Nc6 15. c3 $14 Rxg2 $2 16. Bd3 Rg6 (
16... Qa4 17. Bf5 $18) 17. Qxf7+ Kxf7 18. Bxe4 $16) 11. Qd2 c6 12. dxc6 Bxc6
13. Qxd8+ Kxd8 14. Bc4 Ke8 15. O-O-O $13 {A position with mutual chances.})
9... Qd6 ({I would recommend} 9... Qd5 $1 10. c4 Qe4 11. h3 (11. d5 $2 O-O-O
12. h3 Bh5 13. Bxc6 Bb4+ 14. Kf1 bxc6 $17) 11... Bh5 12. dxe5 Rd8 13. Qe2 Bb4+
14. Kf1 fxe5 15. a3 Be7 16. Re1 $13 {It seems that Fabiano Caruana, who was
faced with a rare line, didn't manage to find the best way.}) 10. c3 e4 $6 {
A premature activity.} (10... a6 11. Qa4 Bxf3 12. gxf3 O-O-O 13. Bxc6 Qxc6 14.
Qxc6 bxc6 15. O-O-O Bd6 $11) 11. h3 ({More convincing is} 11. d5 $1 exf3 12.
dxc6 Qxd1+ 13. Rxd1 b6 14. g3 Bd6 15. O-O O-O-O 16. Rd4 $14) 11... exf3 $6 {
A mistake, he should have played} (11... Be6 12. Nd2 f5 13. Qa4 O-O-O 14. O-O-O
(14. Bxc6 $2 Qxc6 15. Qxa7 Bd6 $44) (14. Nc4 $2 Bxc4 15. Qxc4 f4 16. Bc1 Bh6)
14... a6 ({Of course he can't play} 14... f4 $2 15. Nxe4 Qd5 16. Bxc6 bxc6 17.
Nf6 Qf5 18. d5 $1 $18) 15. Bxc6 Qxc6 16. Qxc6 bxc6 17. Kc2 Rg8 18. g3 Be7 $11 {
The pair of bishops and space superiority compensate for the defects in the
pawn structure.}) 12. hxg4 fxg2 13. Rg1 a6 (13... Qh2 14. Kd2 $1 O-O-O 15. Qf3
Qd6 16. Kc2 $16 {White's king is in a safe place and Black has no argument to
offset his weaknesses.}) 14. Bd3 $16 Ne7 15. Qf3 O-O-O 16. Rxg2 Nd5 17. Be4 $1
Kb8 18. Bd2 {Black's position is unpleasant and it is not easy to give him
worthwhile advice.} Nb6 $6 {This is a sort of a bluff. At the cost of his
pawns Richard creates some threats.} (18... h5 19. gxh5 Bh6 20. Bxh6 Rxh6 21.
O-O-O Nf4 22. Rg4 $16 {doesn't look very attractive.}) 19. Bxb7 Nc4 20. Bf4 Qb6
21. Be4 Re8 (21... h5 22. gxh5 Re8 23. Kf1 Qb5 24. Kg1 Qxh5 25. Qxh5 Rxh5 26.
Bc6 $18) 22. Kf1 $18 {A bit funny, that it is the only move which provides him
a decisive advantage.} h5 23. gxh5 Bh6 24. b3 $1 Nd2+ (24... Bxf4 25. bxc4 $18
(25. Qxf4 $4 Rxe4 $19)) 25. Bxd2 Bxd2 26. Rd1 Bg5 27. Bc6 Re6 28. d5 Re5 29.
Rg4 a5 30. Ra4 Qc5 31. Rdd4 Rg8 32. Qd3 1-0